| 000 | 00931nam a2200253 i 4500 | ||
|---|---|---|---|
| 001 | 44483 | ||
| 003 | ES-MaACL | ||
| 005 | 20230906161036.0 | ||
| 007 | t| | ||
| 008 | 030321s1985 sp ||||1| spa d | ||
| 020 | _a84-505-2174-2 (O.C.) | ||
| 100 | 1 |
_aClemente, Josep Carles. _939196 |
|
| 245 | 1 | 0 |
_aBases documentales del carlismo y de las guerras civiles de los siglos XIX y XX / _cJosé Carlos Clemente. |
| 260 |
_aMadrid : _bServicio Histórico Militar, _c1985. |
||
| 300 |
_a2 v. ; _c24 cm. |
||
| 500 | _aIndice. | ||
| 504 | _aBibliografía. | ||
| 505 | 8 | _aContiene: T. I: Desde los orígenes hasta Carlos V. -- T. II: Desde Carlos IV hasta Carlos VII | |
| 650 | 0 | 4 |
_aCarlismo- _xHistoria. _910782 |
| 651 | 4 |
_aEspaña- _xHistoria- _yS.XIX- _vFuentes. _98355 |
|
| 651 | 4 |
_aEspaña- _xHistoria- _yS.XX- _vFuentes. _98364 |
|
| 710 | 1 |
_aEspaña. _bServicio Histórico Militar. _93980 |
|
| 852 |
_aES-MaACL _jL-9221-2 _bR.111217 |
||
| 999 |
_c44483 _d44483 |
||